[Event "SVK-chT4 A21 2122"]
[Site "Slovakia"]
[Date "2022.02.06"]
[Round "8.2"]
[White "Sebesta, Radovan"]
[Black "Hrubsa, Marian"]
[Result "1/2-1/2"]
[WhiteElo "1996"]
[BlackElo "1749"]
[PlyCount "52"]
[EventDate "2021.10.17"]
[EventType "team-tourn"]
[EventRounds "11"]
[EventCountry "SVK"]
[SourceTitle "EXT 2023"]
[Source "ChessBase"]
[SourceDate "2022.10.05"]
[SourceVersion "1"]
[SourceVersionDate "2022.10.05"]
[SourceQuality "1"]
[WhiteTeam "Senica"]
[BlackTeam "Skalica II"]
[WhiteTeamCountry "SVK"]
[BlackTeamCountry "SVK"]

1. d4 d5 2. c4 e6 3. Nc3 Nf6 4. cxd5 exd5 5. Bg5 Be7 6. e3 0-0 7. Bd3 h6 8. Bf4 a6 9. Qc2 Be6 10. Nf3 Nbd7 11. h3 c5 12. 0-0 c4 13. Be2 b5 14. a3 Rc8 15. Rfe1 Nh7 16. Rad1 Ng5 17. Ne5 Nb6 18. Bh5 Nh7 19. Bg3 Nf6 20. Bf3 b4 21. axb4 Bxb4 22. Ra1 a5 23. Red1 Re8 24. Bh4 g5 25. Bg3 Kg7 26. Na2 Be7 1/2-1/2

[Event "SVK-chT3A2 1819"]
[Site "Slovakia"]
[Date "2018.10.07"]
[Round "1.5"]
[White "Sebesta, Radovan"]
[Black "Provaznik, Michal"]
[Result "0-1"]
[WhiteElo "1999"]
[BlackElo "2193"]
[PlyCount "66"]
[EventDate "2018.10.07"]
[EventType "team-tourn"]
[EventRounds "11"]
[EventCountry "SVK"]
[SourceTitle "EXT 2020"]
[Source "ChessBase"]
[SourceDate "2019.10.17"]
[SourceVersion "1"]
[SourceVersionDate "2019.10.17"]
[SourceQuality "1"]
[WhiteTeam "Senica SK"]
[BlackTeam "Holic"]
[WhiteTeamCountry "SVK"]
[BlackTeamCountry "SVK"]

1. d4 Nf6 2. c4 e6 3. Nc3 Bb4 4. e3 b6 5. Nf3 0-0 6. Qc2 Bb7 7. Be2 Ne4 8. 0-0 Bxc3 9. bxc3 f5 10. Rd1 d6 11. a4 a5 12. Rb1 Qe7 13. Ba3 Nd7 14. Bd3 c5 15. Nd2 Nef6 16. e4 e5 17. exf5 e4 18. Bf1 Rae8 19. Re1 Qf7 20. h3 Qh5 21. d5 Qxf5 22. Nb3 Bc8 23. Bc1 Ne5 24. Be3 Qg6 25. Kh1 Qh5 26. Nd2 Nf3 27. Rec1 Re5 28. Rxb6 Nh4 29. Bf4 Ng4 30. Bxe5 Nxf2+ 31. Kg1 Qxe5 32. Rb8 Qg3 33. Nxe4 Nf3# 0-1

[Event "SVK-chT3A2 1617"]
[Site "Slovakia"]
[Date "2017.01.22"]
[Round "7.5"]
[White "Danada, Tomas"]
[Black "Sebesta, Radovan"]
[Result "1-0"]
[WhiteElo "2241"]
[BlackElo "1998"]
[PlyCount "79"]
[EventDate "2016.10.16"]
[EventType "team-tourn"]
[EventRounds "11"]
[EventCountry "SVK"]
[SourceTitle "EXT 2020"]
[Source "ChessBase"]
[SourceDate "2019.10.17"]
[SourceVersion "1"]
[SourceVersionDate "2019.10.17"]
[SourceQuality "1"]
[WhiteTeam "Gbely Nafta"]
[BlackTeam "Senica SK"]
[WhiteTeamCountry "SVK"]
[BlackTeamCountry "SVK"]

1. d4 Nf6 2. Nf3 e6 3. c4 b6 4. g3 Ba6 5. Qb3 Be7 6. Bg2 Bb7 7. 0-0 0-0 8. Rd1 d6 9. d5 e5 10. Nc3 Nbd7 11. Qc2 a5 12. Rb1 Nc5 13. b3 Bc8 14. a3 Bg4 15. b4 axb4 16. axb4 Ncd7 17. Be3 Bh5 18. Ra1 Bg6 19. Qb2 Ng4 20. Bd2 h6 21. Nb5 Rxa1 22. Rxa1 Bf6 23. Bc3 h5 24. Ra7 h4 25. Rxc7 e4 26. Bxf6 Ndxf6 27. Nfd4 e3 28. f3 hxg3 29. hxg3 Ne5 30. Qc3 Nh5 31. Qxe3 Nxg3 32. f4 Qh4 33. fxe5 Ra8 34. Ra7 Rxa7 35. Nxa7 dxe5 36. Ndc6 e4 37. d6 Nf5 38. Qf2 Qg5 39. d7 Qc1+ 40. Kh2 1-0

[Event "SVK-chT3A2 1617"]
[Site "Slovakia"]
[Date "2016.11.27"]
[Round "4.1"]
[White "Spacek, Oliver"]
[Black "Sebesta, Radovan"]
[Result "1-0"]
[WhiteElo "2100"]
[BlackElo "1998"]
[PlyCount "65"]
[EventDate "2016.10.16"]
[EventType "team-tourn"]
[EventRounds "11"]
[EventCountry "SVK"]
[SourceTitle "EXT 2020"]
[Source "ChessBase"]
[SourceDate "2019.10.17"]
[SourceVersion "1"]
[SourceVersionDate "2019.10.17"]
[SourceQuality "1"]
[WhiteTeam "Senica CVC"]
[BlackTeam "Senica SK"]
[WhiteTeamCountry "SVK"]
[BlackTeamCountry "SVK"]

1. d4 Nf6 2. c4 e6 3. g3 d5 4. Bg2 Be7 5. Nf3 0-0 6. Qc2 c6 7. Nbd2 Nbd7 8. 0-0 Re8 9. Rd1 Bd6 10. e4 dxe4 11. Nxe4 Nxe4 12. Qxe4 Nf6 13. Qc2 Qc7 14. a3 Bd7 15. Rb1 Rad8 16. b4 h6 17. a4 a6 18. a5 Ng4 19. c5 Be7 20. Bf4 Qc8 21. Be5 Nf6 22. Nd2 Nd5 23. Nc4 Qa8 24. g4 f6 25. Bd6 Bf8 26. h3 Bxd6 27. Nxd6 Re7 28. Re1 Qb8 29. Rb3 Be8 30. Bxd5 cxd5 31. Nf5 exf5 32. Rxe7 Ba4 33. Qxf5 1-0

[Event "SVK-chT3A2 1415"]
[Site "Slovakia"]
[Date "2015.03.08"]
[Round "10.2"]
[White "Sebesta, Radovan"]
[Black "Blatnicky, Miroslav"]
[Result "0-1"]
[WhiteElo "2048"]
[BlackElo "2056"]
[PlyCount "78"]
[EventDate "2014.10.19"]
[EventType "team-tourn"]
[EventRounds "11"]
[EventCountry "SVK"]
[SourceTitle "EXT 2019"]
[Source "ChessBase"]
[SourceDate "2018.10.10"]
[SourceVersion "1"]
[SourceVersionDate "2018.10.10"]
[SourceQuality "1"]

1. d4 d5 2. c4 c6 3. Nf3 Nf6 4. e3 Bf5 5. Nc3 e6 6. Be2 Nbd7 7. 0-0 Bd6 8. b3 Ne4 9. Bb2 Ndf6 10. h3 Rc8 11. Nxe4 Nxe4 12. Ne5 f6 13. Nf3 Bg6 14. Bd3 Bb8 15. Bxe4 Bxe4 16. Nd2 Qc7 17. g3 Bf5 18. Qh5+ Bg6 19. Qg4 Qf7 20. cxd5 cxd5 21. Rac1 0-0 22. Qe2 Bf5 23. Kg2 a6 24. Ba3 Rfd8 25. Rc5 Rxc5 26. dxc5 Rc8 27. Rc1 Qd7 28. Qh5 Qb5 29. c6 Bg6 30. Qg4 Rxc6 31. h4 Kf7 32. Rxc6 Qxc6 33. Qb4 Qc8 34. Qe7+ Kg8 35. Nf3 Be4 36. h5 h6 37. Bb4 e5 38. Ba3 Ba7 39. Bd6 Qg4 0-1

[Event "SVK-chT3A2 1415"]
[Site "Slovakia"]
[Date "2015.02.22"]
[Round "9.6"]
[White "Sebesta, Radovan"]
[Black "Merva, Frantisek"]
[Result "1/2-1/2"]
[WhiteElo "2048"]
[BlackElo "2045"]
[PlyCount "25"]
[EventDate "2014.10.19"]
[EventType "team-tourn"]
[EventRounds "11"]
[EventCountry "SVK"]
[SourceTitle "EXT 2019"]
[Source "ChessBase"]
[SourceDate "2018.10.10"]
[SourceVersion "1"]
[SourceVersionDate "2018.10.10"]
[SourceQuality "1"]

1. d4 d5 2. c4 c6 3. Nc3 Nf6 4. e3 a6 5. Nf3 Bg4 6. h3 Bh5 7. Be2 e6 8. 0-0 Nbd7 9. b3 Bb4 10. Bb2 0-0 11. Qc2 Bg6 12. Bd3 Bxd3 13. Qxd3 1/2-1/2

[Event "SVK-chT3A2 1415"]
[Site "Slovakia"]
[Date "2015.02.08"]
[Round "8.1"]
[White "Chabada, Tomas1"]
[Black "Sebesta, Radovan"]
[Result "1/2-1/2"]
[WhiteElo "1987"]
[BlackElo "2048"]
[PlyCount "46"]
[EventDate "2014.10.19"]
[EventType "team-tourn"]
[EventRounds "11"]
[EventCountry "SVK"]
[SourceTitle "EXT 2019"]
[Source "ChessBase"]
[SourceDate "2018.10.10"]
[SourceVersion "1"]
[SourceVersionDate "2018.10.10"]
[SourceQuality "1"]

1. e4 c5 2. Nf3 Nc6 3. d4 cxd4 4. Nxd4 g6 5. c4 Bg7 6. Be3 Nf6 7. Nc3 Ng4 8. Qxg4 Nxd4 9. Qd1 Ne6 10. Qd2 d6 11. Rc1 0-0 12. Be2 b6 13. 0-0 Bb7 14. f3 Rc8 15. Nb5 Ra8 16. Bh6 Qc8 17. Bxg7 Kxg7 18. Rfd1 Qc5+ 19. Kh1 Qf2 20. Rf1 Qh4 21. Nc3 Rac8 22. Nd5 Rfe8 23. f4 Nc7 1/2-1/2

[Event "SVK-chT3A2 1415"]
[Site "Slovakia"]
[Date "2015.01.11"]
[Round "6.2"]
[White "Horecky, Peter"]
[Black "Sebesta, Radovan"]
[Result "1/2-1/2"]
[WhiteElo "1985"]
[BlackElo "2048"]
[PlyCount "44"]
[EventDate "2014.10.19"]
[EventType "team-tourn"]
[EventRounds "11"]
[EventCountry "SVK"]
[SourceTitle "EXT 2019"]
[Source "ChessBase"]
[SourceDate "2018.10.10"]
[SourceVersion "1"]
[SourceVersionDate "2018.10.10"]
[SourceQuality "1"]

1. d4 Nf6 2. Nf3 e6 3. e3 d5 4. c4 c6 5. b3 Bb4+ 6. Nbd2 0-0 7. Bd3 Nbd7 8. 0-0 Re8 9. Qc2 h6 10. Bb2 Qe7 11. Rad1 Ba3 12. Ba1 Bd6 13. Ne5 Nf8 14. f4 Bd7 15. Rf3 c5 16. Rh3 Rac8 17. Ndf3 cxd4 18. exd4 dxc4 19. bxc4 Red8 20. g4 Nd5 21. Qd2 Bb4 22. Qc1 Ba3 1/2-1/2

[Event "SVK-chT3A2 1415"]
[Site "Slovakia"]
[Date "2014.11.16"]
[Round "3.4"]
[White "Koutny, Petr"]
[Black "Sebesta, Radovan"]
[Result "1-0"]
[WhiteElo "2095"]
[BlackElo "2048"]
[PlyCount "103"]
[EventDate "2014.10.19"]
[EventType "team-tourn"]
[EventRounds "11"]
[EventCountry "SVK"]
[SourceTitle "EXT 2019"]
[Source "ChessBase"]
[SourceDate "2018.10.10"]
[SourceVersion "1"]
[SourceVersionDate "2018.10.10"]
[SourceQuality "1"]

1. e4 c5 2. Nf3 Nc6 3. d4 cxd4 4. Nxd4 g6 5. Nc3 Bg7 6. Be3 Nf6 7. Nxc6 bxc6 8. e5 Ng8 9. Bd4 Nh6 10. e6 0-0 11. Bxg7 Kxg7 12. exd7 Qxd7 13. Qxd7 Bxd7 14. 0-0-0 Be6 15. h3 Rfd8 16. Ba6 Rab8 17. Rhe1 Nf5 18. Rxd8 Rxd8 19. Bb7 Nd4 20. Ne2 Nxe2+ 21. Rxe2 Rd6 22. Re3 c5 23. Ra3 Kf6 24. Ra5 Rd7 25. Bf3 Rc7 26. Kd2 h5 27. Kc3 h4 28. Ra6 Ke5 29. Ra5 Kf6 30. b3 g5 31. Ra6 Ke5 32. Ra5 Kd6 33. Be2 Bd5 34. f3 Ke5 35. Kd2 Kd6 36. Ke3 e6 37. Bd3 f5 38. Bf1 Ke7 39. a3 Kf6 40. c4 Ba8 41. b4 cxb4 42. axb4 Rd7 43. b5 f4+ 44. Kf2 e5 45. b6 e4 46. fxe4 Bxe4 47. bxa7 Ba8 48. Be2 Rd8 49. Bf3 Rd2+ 50. Ke1 Rd8 51. Bxa8 Rxa8 52. Kf2 1-0

[Event "SVK-chT3A2 1415"]
[Site "Slovakia"]
[Date "2014.11.02"]
[Round "2.4"]
[White "Sarmir, Milos"]
[Black "Sebesta, Radovan"]
[Result "1-0"]
[WhiteElo "2011"]
[BlackElo "2048"]
[PlyCount "97"]
[EventDate "2014.10.19"]
[EventType "team-tourn"]
[EventRounds "11"]
[EventCountry "SVK"]
[SourceTitle "EXT 2019"]
[Source "ChessBase"]
[SourceDate "2018.10.10"]
[SourceVersion "1"]
[SourceVersionDate "2018.10.10"]
[SourceQuality "1"]

1. Nf3 d5 2. c4 c6 3. e3 Nf6 4. Be2 e6 5. 0-0 Be7 6. b3 0-0 7. Bb2 Nbd7 8. Qc2 Re8 9. d3 Bd6 10. Nbd2 Qc7 11. Rac1 Ne5 12. c5 Nxf3+ 13. Nxf3 Be7 14. b4 Nd7 15. e4 e5 16. exd5 cxd5 17. Qb3 e4 18. Nd4 exd3 19. Bxd3 Nf6 20. Rfe1 Bd7 21. Nf3 Qf4 22. g3 Qh6 23. Bxf6 Qxf6 24. Ne5 Be6 25. b5 Rac8 26. c6 bxc6 27. Nxc6 Bd6 28. Qa4 Bh3 29. Qxa7 Rxe1+ 30. Rxe1 Qc3 31. Qe3 d4 32. Nxd4 Qb2 33. Nc6 g6 34. a4 Bd7 35. a5 Bxc6 36. bxc6 Qc3 37. a6 Bc5 38. Rc1 Bxe3 39. Rxc3 Bb6 40. Be4 Re8 41. Bf3 Kf8 42. Rb3 Bd4 43. Rb7 Re1+ 44. Kg2 Rc1 45. Rd7 Bb6 46. Bd5 Rd1 47. c7 Bxc7 48. Rxc7 Rxd5 49. a7 1-0

[Event "SVK-chT3A2 1314"]
[Site "Slovakia"]
[Date "2014.02.16"]
[Round "9.3"]
[White "Sebesta, Radovan"]
[Black "Bisco, Igor"]
[Result "1/2-1/2"]
[WhiteElo "2035"]
[BlackElo "2086"]
[PlyCount "51"]
[EventDate "2013.10.13"]
[EventType "team-tourn"]
[EventRounds "11"]
[EventCountry "SVK"]
[SourceTitle "EXT 2015"]
[Source "ChessBase"]
[SourceDate "2014.11.20"]
[SourceVersion "1"]
[SourceVersionDate "2014.11.20"]
[SourceQuality "1"]
[WhiteTeam "Senica SK"]
[BlackTeam "Hlohovec"]
[WhiteTeamCountry "SVK"]
[BlackTeamCountry "SVK"]

1. d4 Nf6 2. c4 g6 3. Nc3 Bg7 4. Nf3 d6 5. Bg5 0-0 6. e3 Nbd7 7. Be2 Re8 8. 0-0 e5 9. Qc2 c6 10. Rad1 Qc7 11. dxe5 dxe5 12. e4 Nc5 13. Be3 Ne6 14. h3 b6 15. Rd2 Bb7 16. Rfd1 Rad8 17. b3 h6 18. Rxd8 Rxd8 19. Rxd8+ Nxd8 20. Qd2 Kh7 21. Nh2 Ne6 22. Ng4 Nxg4 23. Bxg4 Bc8 24. Ne2 h5 25. Bxe6 Bxe6 26. Nc3 1/2-1/2

[Event "Senica op 5th"]
[Site "Senica"]
[Date "2013.08.08"]
[Round "8"]
[White "Sebesta, Radovan"]
[Black "Ovsepyan, Arshak"]
[Result "1/2-1/2"]
[WhiteElo "2036"]
[BlackElo "1979"]
[PlyCount "55"]
[EventDate "2013.08.03"]
[EventType "swiss"]
[EventRounds "9"]
[EventCountry "SVK"]
[SourceTitle "CBM 156 Extra"]
[Source "ChessBase"]
[SourceDate "2013.10.22"]
[SourceVersion "1"]
[SourceVersionDate "2013.10.22"]
[SourceQuality "1"]

1. d4 d5 2. c4 e6 3. Nc3 Nf6 4. cxd5 exd5 5. Bg5 Be7 6. e3 0-0 7. Bd3 Nbd7 8. Nge2 b6 9. 0-0 Bb7 10. Rc1 c5 11. b3 cxd4 12. Nxd4 Nc5 13. Bf5 Nfe4 14. Bxe7 Qxe7 15. Qg4 g6 16. Nxe4 dxe4 17. Qg3 Kh8 18. Bh3 a5 19. Rfd1 f5 20. Nb5 Rad8 21. Nd4 Rd7 22. Rd2 Rfd8 23. Rcd1 Nd3 24. Rc2 Qd6 25. Qxd6 Rxd6 26. Rc7 R6d7 27. Rxd7 Rxd7 28. g3 1/2-1/2

[Event "Senica op 5th"]
[Site "Senica"]
[Date "2013.08.04"]
[Round "3"]
[White "Pagerka, Martin"]
[Black "Sebesta, Radovan"]
[Result "1-0"]
[WhiteElo "2243"]
[BlackElo "2036"]
[PlyCount "85"]
[EventDate "2013.08.03"]
[EventType "swiss"]
[EventRounds "9"]
[EventCountry "SVK"]
[SourceTitle "CBM 156 Extra"]
[Source "ChessBase"]
[SourceDate "2013.10.22"]
[SourceVersion "1"]
[SourceVersionDate "2013.10.22"]
[SourceQuality "1"]

1. e4 d5 2. exd5 Qxd5 3. Nc3 Qd6 4. d4 Nf6 5. Nf3 a6 6. Bc4 b5 7. Bb3 e6 8. Be3 Bb7 9. Qe2 Be7 10. 0-0-0 0-0 11. Rhe1 Nd5 12. Ne4 Qd8 13. Nc5 Bxc5 14. dxc5 Qe7 15. Bh6 Qf6 16. Bg5 Qf5 17. Qd2 h6 18. c4 hxg5 19. cxd5 exd5 20. Nxg5 Nd7 21. Bc2 Qg4 22. Qe3 Nf6 23. Rd4 Rae8 24. Nh7 Qxd4 25. Qxd4 Rxe1+ 26. Kd2 Rfe8 27. Nxf6+ gxf6 28. Bd3 R1e5 29. f4 Rh5 30. h3 Kg7 31. Be2 Rhh8 32. Bf3 c6 33. Qf2 Bc8 34. Qg3+ Kf8 35. f5 Bxf5 36. Qd6+ Kg7 37. Qxc6 Rc8 38. Qd6 Rhd8 39. Qg3+ Kf8 40. Qf4 Bb1 41. Qxf6 Bxa2 42. h4 a5 43. Bg4 1-0